Top 15 Countries with Covid-19 Cases - 7 August - Statistics

General Stats
  • This quiz has been taken 34 times
  • The average score is 13 of 25
Answer Stats
country % Correct
United States
100%
United Kingdom
91%
Russia
88%
India
85%
Mexico
79%
Brazil
76%
Spain
76%
Pakistan
67%
Colombia
64%
Iran
61%
Chile
58%
Chile
58%
Peru
52%
South Africa
52%
Bangladesh
42%
Saudi Arabia
39%
Sweden
30%
Qatar
27%
Bahrain
24%
Oman
24%
Israel
21%
Kuwait
21%
Panama
21%
Singapore
21%
Armenia
9%
No matching quizzes found
Score Distribution
Percent of People with Each Score
Percentile by Number Answered
Your Score History
You have not taken this quiz